000 00362pab a2200145 454500
008 180718b1999 xxu||||| |||| 00| 0 eng d
100 _aSrivastava, Ravi S.
245 _aInequality and education security
260 _c1999
300 _ap.431-49
362 _aJul-Sep
650 _aEducation
773 _aIndian Journal of Labour Economics
909 _a43347
999 _c43347
_d43347